Histoire des persécutions religieuses en Espagne (Record no. 156736)

MARC details
000 -LEADER
campo de control de longitud fija 00646nam a22001695i 4500
001 - NÚMERO DE CONTROL
campo de control 156736
003 - IDENTIFICADOR DE NÚMERO DE CONTROL
campo de control ES-MaACL
005 - FECHA Y HORA DE LA ÚLTIMA TRANSACCIÓN
campo de control 20230906210502.0
008 - DATOS DE LONGITUD FIJA--INFORMACIÓN GENERAL
campo de control de longitud fija 040809s1860 fr |||| | fre d
040 ## - FUENTE DE CATALOGACIÓN
Centro catalogador/agencia de origen CAM
Lengua de catalogación spa
Centro/agencia transcriptor CAM
100 1# - ENTRADA PRINCIPAL--NOMBRE DE PERSONA
Nombre de persona La Rigaudière, E.
9 (RLIN) 128526
245 10 - MENCIÓN DEL TÍTULO
Título Histoire des persécutions religieuses en Espagne
Resto del título : juifs, mores, protestants /
Mención de responsabilidad, etc. par E. La Rigaudière.
260 ## - PUBLICACIÓN, DISTRIBUCIÓN, ETC.
Lugar de publicación, distribución, etc. Paris :
Nombre del editor, distribuidor, etc. Librairie Nouvelle :
-- A. Bourdilliat et c\pie\s éditeurs,
Fecha de publicación, distribución, etc. 1860 (
Fabricante Imp. Simon Raçon et comp.)
300 ## - DESCRIPCIÓN FÍSICA
Extensión XV, 340 p. ;
Dimensiones 18 cm.
650 #4 - PUNTO DE ACCESO ADICIONAL DE MATERIA--TÉRMINO DE MATERIA
Término de materia o nombre geográfico como elemento de entrada Persecuciones religiosas-
Subdivisión geográfica España.
9 (RLIN) 141976
852 ## - LOCALIZACIÓN
Ubicación ES-MaACL
Número de control de estantería G-8676
Nota libre -- Enc. hol.
Holdings
Estatus retirado Estado de pérdida Estado de daño No para préstamo Colección Biblioteca de origen Biblioteca actual Ubicación en estantería Fecha de adquisición Fuente de adquisición Total de préstamos Signatura topográfica completa Código de barras Visto por última vez Precio de reemplazo Tipo de ítem Koha
        Libros del s. XIX Biblioteca del Ateneo de Madrid Biblioteca del Ateneo de Madrid Sala Pecera Planta 3 17/01/2008     G-8676 1163982 23/02/2023 23/02/2023 Libro impreso antiguo